000
00338nam a2200133Ia 4500
008
240624s9999 xx 000 0 und d
041
_a
eng
082
_a
600 SEE
100
_a
SEEMILLER COREY
245
_a
GENERATION Z A CENTURY IN THE MAKING
260
_c
2019
_a
London
_b
Routledge
300
_a
xxv, 321 p.; 23 cm.
365
_c
BPS
_b
35
999
_c
31579
_d
31579